000
00292nam a2200097Ia 4500
082
_a
736.982 BEEC
245
0
_a
Decorative origami : over 25 innovative paperfolding projects
100
_a
BEECHER, Rick London, 2003
_9
92938
942
_c
BK
008
210817s9999 xx 000 0 und d
999
_c
379409
_d
379407